000 00854cam a2200217 4500
001 WB3625-25
008 000000n2000 000 0 eng u
035 _a(Sirsi) u106872
245 _aBenefit from home sellers information packs
260 _c2000
490 _aDETR Press Release
_v(442) 27 June 2000, (4)
520 _aInterim research shows that house sales can benefit from the House Seller's Information Pack which is being piloted in Bristol. Participating solicitors report that sellers with the packs are in a position to exchange contracts far sooner than those without. Available at www.detr.gov.uk
590 _aWB
650 _aSELLERS INFORMATION PACKS
650 _aHOUSE SALES
650 _aPILOT PROJECT
650 _aPROPERTY TRANSACTIONS
650 _aTIME
690 _aPROPERTY AND LAND LAW-CONVEYANCING
942 _n0
999 _c63936
_d63936